| 000 | 00481nam a22001817a 4500 | ||
|---|---|---|---|
| 003 | CEME | ||
| 005 | 20210628202936.0 | ||
| 008 | 210119b xxu||||| |||| 00| 0 eng d | ||
| 020 | _a1-932709-18-5 | ||
| 040 | _c. | ||
| 082 | _a620.0042 TIC | ||
| 100 |
_aTickoo, Sham, Maini, Deepak _962451 |
||
| 245 | _aCatia v5r16, for designers | ||
| 260 |
_aNEW YORK _bCADCIM TECHNOLOGIES _c2006 |
||
| 300 | _aXXXVII,440 P | ||
| 650 |
_aCATIA V5R16 FOR DESIGNERS _962452 |
||
| 942 |
_cBK _2ddc |
||
| 999 |
_c571556 _d571556 |
||